01602nas a2200241 4545000010006000000050017000060080037000230030015000600400040000750800153001152450033002680220014003012640031003153100026003465200709003721000027010817000025011086500023011336500027011566500032011836500020012158560125012352804420260407193507.0260407s1998####ag###########|||spa#dAR-UNSa-BCEJYS aAR-UNSa-BCEJYSbspacAR-UNSa-BCEJYS a338xSituación económica. Política económica. Gestión de la economía. Planificación de la economía. Producción. Servicios. Precios10aJournal of applied economics a1514-0326 1aBuenos Aires :bCEMAc1998 aFrecuencia: Semestral aJournal of Applied Economics. Publicado en inglés dos veces por año (mayo y noviembre) por la Universidad del CEMA (Argentina). El editor es Carlos A. Rodríguez. Contiene contribuciones originales sobre temas de economía aplicada. Se distribuye en 32 países. Los artículos abarcan diversos tópicos: Organización Industrial, Economía Internacional, Finanzas, Crecimiento, Finanzas Públicas, Economía Política, Economía Ambiental. Los autores son: 34 % de Estados Unidos, 26 % de Europa, 25 % de Latinoamérica y 15 % de otros países. La selección de los artículos se hace en base a informes de referees nacionales y extranjeros y tiene que ver con la calidad del trabajo. 1 aRodríguez, Carlos A.1 aUniversidad del CEMA aMercado financiero aPolítica económica aInvestigación económica aMacroeconomía41uhttps://biblioeco.unsa.edu.ar/pmb/images/revistas/Journal of applied Economics-r13617.jpgyImagen de portadaqimage/jpeg